000 01069naa a22003257a 4500
001 BR6006718
003 BR-BrBNA
005 20240918172917.0
007 ta
008 230509b bl.||||| |||| 00| 0 por d
040 _aBR-BrBNA
_bpor
_cBiblioteca Nacional de Agricultura
041 _a(Pt)
072 _aP12; E50; L72
_b/G514
090 _aP12 BR6006718
100 1 _aBarbosa, F.S.
111 1 _a1. Seminario Nacional de Irrigacao
_cRecife, PE (Brazil)
_d8 Dec 1968
245 1 _aIrrigacao e esquistossomose [Nordeste; Brasil]
260 3 _aRecife, PE (Brasil):
_c1969.
500 _a1. Seminario Nacional de Irrigacao Recife, PE (Brasil): 1969. v. 1 p. 267-270 (BR6006718-AM)P12
650 _aIrrigacao
650 _aSociologia rural
650 _aDoenca animal
650 _aEsquistossomose
650 _aSaude
650 _aZoonose
650 _aTransmissao de doenca
773 0 _t1. Seminario Nacional de Irrigacao
_wP12 BR6006718
_gRecife, PE (Brasil), 1969. v. 1 p. 267-270
909 _a202404
_bLucia
_c55
_dLucia Elande
942 _cAM
_2AGRIS
999 _c302027
_d302027